01876cam a2200313 i 4500003000900000005001700009007000300026008004100029020001800070040003000088082001400118100002700132240003700159245007500196250001900271264005100290300002600341336002700367337003400394338002800428490001300456500003500469500002500504504002800529520085600557651006401413651004901477700003601526DO-SdBNP20240301180540.0ta751003s2014 sp 000 0 spa d a9788420687353 aDO-SdBNPbspacBNPHUerda bM392e2221 aMarx, Karl,d1818-188310aRevolutionary spain /lEspañol13aLa España revolucionaria /cKarl Marx ; edición Jorge del Palacio  a2a. edición  1aMadrid, España :bAlianza editorial, c2014. a194 páginasc18 cm. 2rdacontentatextobtxt 2rdamediaasin mediación bn 2rdacarrieravolumenbnc1 aHistoria aIncluye Índice analítico.  aEl libro de bolsillo aBibliografía p: 23-27 aEl pronunciamiento liberal de 1854, conocido como "la Vicalvarada", provocó que la política española llamase la atención de la opinión pública estadounidense, interesada en saber si los cambios en la metrópoli podían afectar a sus colonias de América. Es así como Karl Marx, corresponsal del periódico New York Daily Tribune en Europa, dirige su mirada a nuestra país, escribiendo un total de 27 artículos periodísticos entre julio de 1854 y junio de 1857. Entre ellos destaca la serie de nueve que compone La España revolucionaria que aquí se presenta. En ella Marx ofrece su particular visión de las características politícas de la revolución liberal española. La presente edición cuenta con el apoyo de un glosario para conocer a los personajes, instituciones y hechos históricos a los que Marx alude.  4aEspañaxHistoriay1808-1814 (Guerra de la Independencia)| 4aEspañaxHistoriay1814-1833 (Fernando VII)1 aPalacio, Jorge del eedición